[Event "Tuimazy-ch U14"]
[Site "Tuimazy"]
[Date "2016.03.07"]
[Round "13"]
[White "Farkhutdinov, Danil"]
[Black "Mironov, Vladislav"]
[Result "1-0"]
[WhiteElo "1338"]
[BlackElo "1037"]
[PlyCount "59"]
[EventDate "2016.03.01"]
[EventType "tourn"]
[EventRounds "15"]
[EventCountry "RUS"]
[SourceTitle "EXT 2022"]
[Source "ChessBase"]
[SourceDate "2021.10.06"]
[SourceVersion "1"]
[SourceVersionDate "2021.10.06"]
[SourceQuality "1"]

1. e4 e5 2. Nf3 Nc6 3. d4 d6 4. dxe5 dxe5 5. Qxd8+ Nxd8 6. Nxe5 Bd6 7. Bf4 Ne6 8. Bg3 Nf6 9. Nc3 Nd4 10. Bd3 0-0 11. Nf3 Nxf3+ 12. gxf3 Bxg3 13. hxg3 c6 14. e5 Nd5 15. Nxd5 cxd5 16. Bxh7+ Kh8 17. Be4+ Kg8 18. Bxd5 g6 19. 0-0-0 Rb8 20. Rh4 Bf5 21. Rdh1 g5 22. Rh5 Bg6 23. Rxg5 Rbc8 24. Be4 Kg7 25. e6 fxe6 26. Rxg6+ Kf7 27. Rh7+ Ke8 28. Rxe6+ Kd8 29. Ree7 Re8 30. Rd7# 1-0

[Event "Tuimazy-ch U14"]
[Site "Tuimazy"]
[Date "2016.03.02"]
[Round "3"]
[White "Khakimov, Marat"]
[Black "Mironov, Vladislav"]
[Result "0-1"]
[WhiteElo "1470"]
[BlackElo "1037"]
[PlyCount "84"]
[EventDate "2016.03.01"]
[EventType "tourn"]
[EventRounds "15"]
[EventCountry "RUS"]
[SourceTitle "EXT 2022"]
[Source "ChessBase"]
[SourceDate "2021.10.06"]
[SourceVersion "1"]
[SourceVersionDate "2021.10.06"]
[SourceQuality "1"]

1. e4 e5 2. Nf3 Nc6 3. Nc3 Nf6 4. Bc4 h6 5. 0-0 g6 6. d3 Bg7 7. Be3 0-0 8. Bc5 d6 9. Bb4 Bg4 10. h3 Bd7 11. g4 a5 12. Ba3 b6 13. b3 Qc8 14. Bc1 Be6 15. Be3 Bxc4 16. dxc4 g5 17. Nd5 Nxd5 18. Qxd5 Nb4 19. Qd2 Qd8 20. a3 Na6 21. Qd5 Qf6 22. Kg2 Rac8 23. Qb7 Ra8 24. Qxc7 Nxc7 25. Bxb6 Qd8 26. Bxc7 Qxc7 27. Rfd1 Qb6 28. b4 axb4 29. axb4 Rxa1 30. Rxa1 Qxb4 31. Nd2 Qxd2 32. Ra3 Qd4 33. Ra6 Qxe4+ 34. f3 Qxc2+ 35. Kg3 Qxc4 36. Rxd6 Qc3 37. Rd1 e4 38. Rf1 e3 39. Re1 Qxe1+ 40. Kg2 Qf2+ 41. Kh1 e2 42. f4 e1Q# 0-1

[Event "Tuimazy-ch U14"]
[Site "Tuimazy"]
[Date "2016.03.01"]
[Round "1"]
[White "Kuzmenko, Anastasia"]
[Black "Mironov, Vladislav"]
[Result "1/2-1/2"]
[WhiteElo "1039"]
[BlackElo "1037"]
[PlyCount "105"]
[EventDate "2016.03.01"]
[EventType "tourn"]
[EventRounds "15"]
[EventCountry "RUS"]
[SourceTitle "EXT 2022"]
[Source "ChessBase"]
[SourceDate "2021.10.06"]
[SourceVersion "1"]
[SourceVersionDate "2021.10.06"]
[SourceQuality "1"]

1. e4 e5 2. Nf3 Nc6 3. Nc3 Nf6 4. d3 g6 5. Bg5 Bg7 6. Be2 0-0 7. Qd2 d6 8. Bh6 Ng4 9. Bxg7 Kxg7 10. d4 Kg8 11. dxe5 Ngxe5 12. Nxe5 Nxe5 13. 0-0-0 Be6 14. Nd5 c6 15. Nc3 Nc4 16. Bxc4 Bxc4 17. Qd4 Be6 18. e5 c5 19. Qe4 b6 20. exd6 Bf5 21. Qf3 Qg5+ 22. Rd2 Rad8 23. Qd5 Qf6 24. Re1 Be6 25. Qf3 Qxf3 26. gxf3 Bh3 27. Nb5 Rd7 28. Re7 Rfd8 29. Rxd7 Rxd7 30. b3 Bf1 31. Nc3 Bg2 32. Ne4 Kg7 33. Rd3 Bf1 34. Rd5 Bg2 35. Re5 Bxf3 36. Re7 Rd8 37. Nc3 Rxd6 38. Rxa7 Rf6 39. Ra6 Bb7 40. Ra7 Bf3 41. Ra6 Bb7 42. Ra7 Bf3 43. a3 Bc6 44. Rc7 Bf3 45. b4 cxb4 46. axb4 Rc6 47. Rxc6 Bxc6 48. Na2 h5 49. c4 f5 50. c5 b5 51. Kd2 Kf6 52. Ke3 g5 53. Nc3 1/2-1/2